Catalog

Record Details

Catalog Search



Available copies

  • 4 of 4 copies available at LARL/NWRL Consortium.
  • 3 of 3 copies available at Lake Agassiz Regional Library. (Show preferred library)

Current holds

0 current holds with 4 total copies.

Show All Copies
Location Call Number / Copy Notes Barcode Shelving Location Status Due Date
Breckenridge Public Library M THO (Text) 33500013790258 Main Available -
Crookston Public Library M THO (Text) 33500013790266 Main Available -
Moorhead Public Library M THO (Text) 33500013825526 Main Available -
Thief River Falls Public Library THO (Text) 35500006673592 Main Available -

Record details

  • ISBN: 9780593337103
  • ISBN: 0593337107
  • Physical Description: 328 pages ; 22 cm.
  • Publisher: New York : Berkley Prime Crime, [2023]

Content descriptions

Summary, etc.:
"Nobody could accuse Frank Malloy of being a snob. ... Read More
Investigator and former policeman Frank Malloy ... Read More
Subject: Brandt, Sarah (Fictitious character) > Fiction.
Malloy, Frank (Fictitious character) > Fiction.
Midwives > Fiction.
Private investigators > Fiction.
Murder > Investigation > Fiction.
New York (N.Y.) > Fiction.
Millionaires > Fiction.
Irish > Fiction.
Genre: Detective and mystery fiction.
Historical fiction.
Detective and mystery fiction.
Novels.
LDR 04009cam a22005538i 4500
001409554
003LARL_NWRL_CONSORTIUM
00520230515162135.0
008220829t20232023nyu 000 1 eng
010 . ‡a 2022040507
040 . ‡aDLC ‡beng ‡erda ‡cDLC ‡dOCLCF ‡dMJ8 ‡dIEB ‡dIMT ‡dILC ‡dVP@ ‡dIUK ‡dOCLCA ‡dLMJ ‡dDYJ ‡dZGR
020 . ‡a9780593337103 ‡q(hardcover)
020 . ‡a0593337107 ‡q(hardcover)
020 . ‡z9780593337110 ‡q(ebook)
035 . ‡a(OCoLC)1342784418
042 . ‡apcc
08200. ‡a813/.54 ‡223/eng/20220829
1001 . ‡aThompson, Victoria ‡q(Victoria E.), ‡eauthor. ‡0(LARL_NWRL_CONSORTIUM)114658
24510. ‡aMurder on Bedford Street / ‡cVictoria Thompson.
264 1. ‡aNew York : ‡bBerkley Prime Crime, ‡c[2023]
264 4. ‡c©2023
300 . ‡a328 pages ; ‡c22 cm.
336 . ‡atext ‡btxt ‡2rdacontent
337 . ‡aunmediated ‡bn ‡2rdamedia
338 . ‡avolume ‡bnc ‡2rdacarrier
4900 . ‡aGaslight mystery ; ‡v26
520 . ‡a"Nobody could accuse Frank Malloy of being a snob. As a former Irish Catholic policeman, he was, in fact, the kind of person snobs usually looked down on. He might be a millionaire now, but lots of people still looked down on him because he'd always be Irish no matter how much money he had. This was why he felt a little guilty about feeling snobbish about the prospective client who had just been escorted into his office. Hugh Breedlove, according to his calling card, was not Irish or poor and would have been shocked to learn Frank had already developed a bad opinion of him. His tailor-made suit spoke of wealth, as did his bright gold watch chain and the large ruby ring on his hand. He was an imposing man with silver hair pomaded into place and a neatly trimmed beard. His expression ruined the effect, though. His frown spoke of contempt as he glanced around and saw nothing that apparently pleased him, including Frank himself. Breedlove stopped his critical perusal of Frank's modest office only when Frank's secretary, Maeve, announced him. From the twinkle in her eye, she knew Frank's opinion of Mr. Breedlove, who might well be the biggest snob Frank had met in his life so far, and he had met a few"-- ‡cProvided by publisher.
520 . ‡aInvestigator and former policeman Frank Malloy might be a millionaire now, but lots of people still looked down on him because he'd always be Irish no matter how much money he had. Prospective client Hugh Breedlove would have been shocked to learn Frank had already developed a bad opinion of him: his tailor-made suit spoke of wealth, as did his bright gold watch chain and the large ruby ring on his hand. But his case was impossible to refuse: his niece, Julia, had been wrongfully committed to an insane asylum by her cruel and unfaithful husband, Chet Longly. Malloy's investigation reveals that a maid at the Longly home died suspiciously under Chet's watch. And now it seems Julia's son might also be in danger. -- adapted from jacket
60010. ‡aBrandt, Sarah ‡c(Fictitious character) ‡vFiction.
60010. ‡aMalloy, Frank ‡c(Fictitious character) ‡vFiction.
650 0. ‡aMidwives ‡vFiction. ‡0(LARL_NWRL_CONSORTIUM)173371
650 0. ‡aPrivate investigators ‡vFiction. ‡0(LARL_NWRL_CONSORTIUM)166580
650 0. ‡aMurder ‡xInvestigation ‡vFiction. ‡0(LARL_NWRL_CONSORTIUM)166203
651 0. ‡aNew York (N.Y.) ‡vFiction. ‡0(LARL_NWRL_CONSORTIUM)166410
650 0. ‡aMillionaires ‡vFiction. ‡0(LARL_NWRL_CONSORTIUM)165980
650 0. ‡aIrish ‡vFiction.
655 0. ‡aDetective and mystery fiction.
655 7. ‡aHistorical fiction. ‡2lcgft
655 7. ‡aDetective and mystery fiction. ‡2lcgft
655 7. ‡aNovels. ‡2lcgft
77608. ‡iOnline version: ‡aThompson, Victoria. ‡tMurder on bedford street ‡dNew York : Berkley Prime Crime, 2023 ‡z9780593337110 ‡w(DLC) 2022040508
901 . ‡a409554 ‡bOCoLC ‡c409554 ‡tbiblio ‡soclc

Additional Resources